00549nam a2200193 450000500170000000800410001702000220005804100120008008200350009210000160012724500610014325000160020426000500022030000180027036500160028850000170030465000170032165100170033820260404115109.0260404b |||||||| |||| 00| 0 eng d a978-93-5696-202-6 aEnglish 29th 2025a PH 615.1 TRI B13197 aTripathi KD aOne Stop Resource Fo All your Exam Needs in Pharmacology a9th ed 2025 aNew DelhibJaypee Brothers Medical Pub.c2025 avii; 181pbpb aRupayecINR aPharmacology aPharmacology aPharmacology